Comportamiento del consumidor: conceptos y aplicaciones

Bewaard in:
Bibliografische gegevens
Hoofdauteurs: Loudon, David L. (autor), Della Bitta, Albert J (Auteur)
Formaat: Boek
Taal:Spaans
Gepubliceerd in: Ciudad de México McGraw Hill 1995
Editie:1a. ed
Onderwerpen:
Tags: Voeg label toe
Geen labels, Wees de eerste die dit record labelt!

MARC

LEADER 00000cam a2200000 a 4500
001 UCO9221
003 CL-VaPUC
008 010125e19950000MX |||||||||||||||||spa|d
020 |a 9701006720 
082 0 4 |a 658.834  |b LOU  |2 21 
100 |a Loudon, David L.  |e autor  |9 454234 
700 0 |a Della Bitta, Albert J  |e author  |9 454235 
245 1 0 |a Comportamiento del consumidor: conceptos y aplicaciones 
250 |a 1a. ed 
300 |a 834 p 
942 |c BK 
945 |d 20010125 00:00:00  |a vberengu 
260 |a Ciudad de México  |b McGraw Hill  |c 1995 
650 0 |a Comportamiento del consumidor  |9 331318 
650 0 |a Consumidores  |9 315658 
650 7 |a ESTRUCTURA SOCIAL  |2 CL-VaPUC  |9 454236 
650 0 |a Investigación de mercado  |9 332310 
583 |a last modification  |c 20170524 05:16:29  |k Rodrigo Vera 
999 |c 293494  |d 293492